La Seconde Guerre mondiale (notice n° 1925214)

détails MARC
000 -LEADER
fixed length control field 01300cam a2200133 4500500
005 - DATE AND TIME OF LATEST TRANSACTION
control field 20260329023153.0
041 ## - LANGUAGE CODE
Language code of text/sound track or separate title fre
042 ## - AUTHENTICATION CODE
Authentication code dc
100 10 - MAIN ENTRY--PERSONAL NAME
Personal name Buffotot, Patrice
Relator term author
245 00 - TITLE STATEMENT
Title La Seconde Guerre mondiale
260 ## - PUBLICATION, DISTRIBUTION, ETC.
Name of publisher, distributor, etc. Armand Colin,<br/>
Date of publication, distribution, etc. 2014.<br/>
520 ## - SUMMARY, ETC.
Summary, etc. Cet ouvrage présente une synthèse globale de la Seconde Guerre mondiale dans ses aspects politiques, militaires et diplomatiques.La présentation de la période retrace les grandes phases du conflit et montre sa spécificité par rapport à la Grande Guerre de 14-18. Cette guerre mondiale a provoqué, outre des pertes humaines sans précédent, la ruine de l’Europe. Toute son économie est à reconstruire et elle est ruinée financièrement. Elle a détruit le système international en place en 1939 et provoqué l’apparition de deux grandes puissances mondiales: les États-Unis et l’Union soviétique.L’approche thématique choisie permet d’approfondir le rôle des grandes personnalités dans le déroulement de la guerre, de comprendre les grands événements qui ont changé le cours de la celle-ci et de suivre les grandes opérations militaires à l’aide de cartes commentées.
856 41 - ELECTRONIC LOCATION AND ACCESS
Uniform Resource Identifier <a href="https://shs.cairn.info/la-seconde-guerre-mondiale--9782200286491?lang=fr&redirect-ssocas=7080">https://shs.cairn.info/la-seconde-guerre-mondiale--9782200286491?lang=fr&redirect-ssocas=7080</a>

Pas d'exemplaire disponible.

PLUDOC

PLUDOC est la plateforme unique et centralisée de gestion des bibliothèques physiques et numériques de Guinée administré par le CEDUST. Elle est la plus grande base de données de ressources documentaires pour les Étudiants, Enseignants chercheurs et Chercheurs de Guinée.

Adresse

627 919 101/664 919 101

25 boulevard du commerce
Kaloum, Conakry, Guinée

Réseaux sociaux

Powered by Netsen Group @ 2025